000 00637nam a22001695i 4500
001 169909
003 ES-MaACL
005 20230906214233.0
008 081217s1900 fr |||| | fre d
100 1 _aMarsollier des Vivetières, Benoît-Joseph.
_9138998
245 1 2 _aL'irato ou l'emporté
_b: opéra bouffon en un acte /
_cparoles de B.-J. Marsollier ; musique de Méhul.
260 _aParis :
_bLibrairie Théatrale,
_c1900.
300 _a52 p. ;
_c19 cm.
650 1 4 _aÓperas-
_vLibretos.
_9137584
700 1 _aMéhul, Etienne-Nicolas.
_979822
852 _aES-MaACL
_j2245-F-8
_9R.140908
_z.- Biblioteca Jacinto Martínez Lacalle
999 _c169909
_d169909